000
00271nam a2200097Ia 4500
005
20250424112832.0
008
250424s9999 xx 000 0 und d
300
_a
221 p. 28 cm.
650
_a
Management--Nigeria--Periodicals. Nigeria--Commerce--Periodicals.
942
_c
SR
999
_c
37410
_d
37410